Use of Blockchain Technology in Distribution Chain

Konkrétne príklady technológie blockchain, ktorá je využívaná v reálnom živote pre zefektívnenie podnikových procesov a operácií, s hlavným zameraním na distribučný reťazec.

Enregistré dans:
Détails bibliographiques
Auteur principal: Badura, Peter, 1978-
Autres auteurs: Kalusová, Lenka, 1987-
Format: Chapitre de livre
Langue:slovaque
Sujets:
Tags: Ajouter un tag
Pas de tags, Soyez le premier à ajouter un tag!

MARC

LEADER 00000naa$a2200000$$$4500
001 0280977
005 20240521102241.4
041 0 |a slo 
044 |a PL 
245 1 0 |a Use of Blockchain Technology in Distribution Chain  |c Peter Badura, Lenka Kalusová 
520 |a Konkrétne príklady technológie blockchain, ktorá je využívaná v reálnom živote pre zefektívnenie podnikových procesov a operácií, s hlavným zameraním na distribučný reťazec. 
610 2 0 |a reťazce distribučné 
610 2 0 |a logistika 
610 2 0 |a inovácia 
610 2 0 |a mena virtuálna 
100 1 |a Badura, Peter, 1978- 
700 1 |a Kalusová, Lenka, 1987-